| 000 | 00713nam a2200265Ia 4500 | ||
|---|---|---|---|
| 008 | 160216s9999 xx 000 0 und d | ||
| 020 | _a971-23-3891-6 | ||
| 050 | _aFIL LB 2369 | ||
| 050 | _b.L33 2004 | ||
| 100 | _aLacia, Ferdilyn C. | ||
| 245 | _aEnhancing basic research and writing skills / | ||
| 245 | _cFerdilyn C. Lacia, Mark G. Fabella. | ||
| 260 | _aManila: | ||
| 260 | _bRex Book Store, Inc., | ||
| 260 | _c2004 | ||
| 300 | _a133 pages : | ||
| 300 | _bill. ; | ||
| 300 | _c22 cm. | ||
| 500 | _aIncludes bibliographical references and index. | ||
| 650 | _aEnglish language -- | ||
| 650 | _aResearch -- | ||
| 650 | _aWriting skills. | ||
| 650 | _xBasic. | ||
| 650 | _xWriting. | ||
| 999 |
_c290945 _d290945 |
||